Normal view
MARC view
- Indígenas de México
Entry Materia
001 - NÚMERO DE CONTROL DEL REGISTRO
- campo de control: 18594
003 - IDENTIFICADOR DE NUMERO DE CONTROL
- campo de control: MX-MxUPN
005 - FECHA Y HORA DE LA ÚLTIMA TRANSACCIÓN
- campo de control: 20231127122941.0
008 - DATOS DE LONGITUD FIJA
- campo de control de longitud fija: 230602dn fnnnnbaba a ana |d
035 ## - NÚMERO DE CONTROL DEL SISTEMA
- Número de control del sistema: UPN10000018602
040 ## - FUENTE DE LA CATALOGACIÓN
- Centro catalogador de origen: MX-MxUPN
- Lengua de catalogación: spa
150 ## - ENCABEZAMIENTO - TEMÁTICO
- Término de materia o nombre geográfico como elemento inicial: Indígenas de México
- Subdivisión de materia general: Educación
- Subdivisión geográfica: Chiapas
450 ## - VÉASE - MATERIA
- Subcampo de control: nno
- Encabezamiento temático: Indios de México
- Subdivisión temática general: Educación
- Subdivisión geográfica: Chiapas
450 ## - VÉASE - MATERIA
- Encabezamiento temático: Indios mexicanos
- Subdivisión temática general: Educación
- Subdivisión geográfica: Chiapas
450 ## - VÉASE - MATERIA
- Encabezamiento temático: Aborígenes de México
- Subdivisión temática general: Educación
- Subdivisión geográfica: Chiapas
450 ## - VÉASE - MATERIA
- Encabezamiento temático: Aborígenes mexicanos
- Subdivisión temática general: Educación
- Subdivisión geográfica: Chiapas
670 ## - FUENTE EN LA QUE SE LOCALIZARON DATOS
- Cita de la fuente: Autoridades BGTQ, 21 septiembre 2023:
- Información localizada: (Indígenas de México--Educación--Subdivisión geográfica)
902 ## - CATALOGADOR
- Catalogador: MMA/110811
- Catalogador: VíctorGodínez/020623
- Catalogador: Víctor Ruiz/210923
